Library Logo

Pioneer International University Library Catalogue

Man to man : (Record no. 9152)

MARC details
000 -LEADER
fixed length control field 01178cam a2200313 a 4500
001 - CONTROL NUMBER
control field 1618312
003 - CONTROL NUMBER IDENTIFIER
control field OSt
005 - DATE AND TIME OF LATEST TRANSACTION
control field 20250901165758.0
008 - FIXED-LENGTH DATA ELEMENTS--GENERAL INFORMATION
fixed length control field 951221s1996 nyu b 000 0aeng
010 ## - LIBRARY OF CONGRESS CONTROL NUMBER
LC control number 95053314
020 ## - INTERNATIONAL STANDARD BOOK NUMBER
International Standard Book Number 0679448446 (hbk. : acidfree paper)
040 ## - CATALOGING SOURCE
Original cataloging agency DLC
Transcribing agency DLC
Modifying agency DLC
043 ## - GEOGRAPHIC AREA CODE
Geographic area code n-us---
050 00 - LIBRARY OF CONGRESS CALL NUMBER
Classification number RC 280 .P7 K67 1996
Item number K67 1996
082 00 - DEWEY DECIMAL CLASSIFICATION NUMBER
Classification number 362.1/9699463
-- B
Edition information 20
100 1# - MAIN ENTRY--PERSONAL NAME
Personal name Korda, Michael,
Dates associated with a name 1933-
245 10 - TITLE STATEMENT
Title Man to man :
Remainder of title surviving prostate cancer /
Statement of responsibility, etc. Michael Korda.
250 ## - EDITION STATEMENT
Edition statement 1st ed.
260 ## - PUBLICATION, DISTRIBUTION, ETC.
Place of publication, distribution, etc. New York :
Name of publisher, distributor, etc. Random House,
Date of publication, distribution, etc. c1996.
300 ## - PHYSICAL DESCRIPTION
Extent 254 p. ;
Dimensions 22 cm.
504 ## - BIBLIOGRAPHY, ETC. NOTE
Bibliography, etc. note Includes bibliographical references.
600 10 - SUBJECT ADDED ENTRY--PERSONAL NAME
Personal name Korda, Michael,
Dates associated with a name 1933-
General subdivision Health.
650 #0 - SUBJECT ADDED ENTRY--TOPICAL TERM
Topical term or geographic name entry element Prostate
General subdivision Cancer
-- Patients
Geographic subdivision United States
General subdivision Biography.
856 42 - ELECTRONIC LOCATION AND ACCESS
Materials specified Contributor biographical information
Uniform Resource Identifier <a href="http://www.loc.gov/catdir/bios/random057/95053314.html">http://www.loc.gov/catdir/bios/random057/95053314.html</a>
856 42 - ELECTRONIC LOCATION AND ACCESS
Materials specified Publisher description
Uniform Resource Identifier <a href="http://www.loc.gov/catdir/description/random0412/95053314.html">http://www.loc.gov/catdir/description/random0412/95053314.html</a>
906 ## - LOCAL DATA ELEMENT F, LDF (RLIN)
a 7
b cbc
c orignew
d 1
e ocip
f 19
g y-gencatlg
942 ## - ADDED ENTRY ELEMENTS (KOHA)
Source of classification or shelving scheme Library of Congress Classification
Koha item type Books
Holdings
Withdrawn status Lost status Source of classification or shelving scheme Damaged status Not for loan Home library Current library Shelving location Date acquired Total checkouts Full call number Barcode Date last seen Price effective from Koha item type
    Library of Congress Classification     Main Library Main Library   11/18/2024   RC 280 .P7 K67 1996 PIU0004817 11/18/2024 11/18/2024 Books
    Library of Congress Classification     Main Library Main Library   11/18/2024   RC 280 .P7 K67 1996 PIU0004817b 11/18/2024 11/18/2024 Books